LIBRARY & INFORMATION CENTRE, KCAET, TAVANUR

ONLINE PUBLIC ACCESS CATALOGUE (OPAC)

Air pollution / (Record no. 2297)

MARC details
000 -LEADER
fixed length control field 00513cam a2200217ua 4500
041 ## - LANGUAGE CODE
Language code of text/sound track or separate title eng
082 ## - DEWEY DECIMAL CLASSIFICATION NUMBER
Classification number 628.53
Item number RAO/AI
100 ## - MAIN ENTRY--AUTHOR NAME
Personal name Rao, M.N .
245 ## - TITLE STATEMENT
Title Air pollution /
250 ## - EDITION STATEMENT
Edition statement 1 /
260 ## - PUBLICATION, DISTRIBUTION, ETC. (IMPRINT)
Place of publication :
Name of publisher Tata Mc-Graw Hill Publishing Company ,
Year of publication 1990.
300 ## - PHYSICAL DESCRIPTION
Number of Pages 339 ; .
700 1# - ADDED ENTRY--PERSONAL NAME
Personal name Rao, H V N .
942 ## - ADDED ENTRY ELEMENTS (KOHA)
Koha item type Books
Holdings
Withdrawn status Lost status Damaged status Home library Current library Date acquired Full call number Accession Number Koha item type
      KAUAET KAUAET 07/04/2012 628.53 16840 Books
      KAUAET KAUAET 07/04/2012 628.53 16841 Books
      KAUAET KAUAET 07/04/2012 628.53 16842 Books
free website counter